Differential tensor algebras and their module categories /

Guardado en:
Autor Principal: Bautista, R., 1943-
Otros Autores: Salmerón, L., Zuazua, R.
Formato: Libro
Idioma:English
Publicado: Cambridge ; New York : Cambridge University Press, 2009.
Series:London Mathematical Society lecture note series ; 362
Materias:
Etiquetas: Agregar Etiqueta
Sin Etiquetas, Sea el primero en etiquetar este registro!
LEADER 00952cam a22002654a 4500
001 MAT.inmabb006852
008 090406s2009####nyua#####b####001#0#eng##
005 20141001182004.0
245 1 0 |a Differential tensor algebras and their module categories /  |c R. Bautista, L. Salmerón, and R. Zuazua. 
260 |a Cambridge ;  |a New York :  |b Cambridge University Press,  |c 2009. 
300 |a ix, 452 p. :  |b il. ;  |c 23 cm. 
490 0 |a London Mathematical Society lecture note series ;  |v 362 
504 |a Incluye referencias bibliográficas (p. 446-448) e índice. 
510 4 |a MR,  |c 2011m:16016 
020 |a 9780521757683 (pbk.) 
100 1 |a Bautista, R.,  |d 1943- 
700 1 |a Salmerón, L. 
700 1 |a Zuazua, R. 
650 0 |a Tensor algebra. 
650 0 |a Representations of algebras. 
650 0 |a Categories (Mathematics) 
084 |a 16E45 (16D90)  |2 msc2000 
010 |a  2009014316 
040 |a DLC  |c DLC  |d DLC 
859 |h 16  |i B352  |p A-8916  |b BIB. MATEMATICA